000 00187nam a2200073Ia 4500
008 170523s9999 xx 000 0 und d
100 _aChattopadhyay- A.B.
245 0 _aMachining and Machine Tools
260 _aWiley India
999 _c12232
_d12232